Colombia represión / 2
| Medienart: | Druck Buch |
|---|---|
| Sprache: | Spanisch |
| Veröffentlicht: |
Bogotá
1982
|
| In: |
Colombia represión 1970 - 1981
Jahr: 1982 |
| Bestand in Tübingen: | In Tübingen vorhanden. UB: KB 2 B 570-2 |
| Verfügbarkeit prüfen: | HBZ Gateway |
| Subito Bestelldienst: | Jetzt bestellen. |
MARC
| LEADER | 00000cam a22000002cc4500 | ||
|---|---|---|---|
| 001 | 1098892194 | ||
| 003 | DE-627 | ||
| 005 | 20240429194209.0 | ||
| 007 | tu | ||
| 008 | 920629s1982 xx ||||| 00| ||spa c | ||
| 035 | |a (DE-627)1098892194 | ||
| 035 | |a (DE-576)028892194 | ||
| 035 | |a (DE-599)BSZ028892194 | ||
| 035 | |a (OCoLC)311681352 | ||
| 040 | |a DE-627 |b ger |c DE-627 |e rakwb | ||
| 041 | |a spa | ||
| 245 | 0 | 0 | |a Colombia represión |n 2 |c Centro de Investigación y Educación Popular. En la realización de esta obra participaron Jaime Torres Sánchez; Fabio Barrera Téllez y otras personas |
| 264 | 1 | |a Bogotá |c 1982 | |
| 336 | |a Text |b txt |2 rdacontent | ||
| 337 | |a ohne Hilfsmittel zu benutzen |b n |2 rdamedia | ||
| 338 | |a Band |b nc |2 rdacarrier | ||
| 583 | 1 | |a Archivierung prüfen |c 20200919 |f DE-640 |z 2 |2 pdager | |
| 583 | 1 | |a Archivierung/Langzeitarchivierung gewährleistet |f SLG |x XA-DE-BW |z BfZ |2 pdager |5 DE-24 | |
| 773 | 1 | 8 | |a Colombia represión 1970 - 1981 |w (DE-627)1098892178 |w (DE-576)028892178 |g 2 |q 2 |7 nnam |
| 951 | |a MV | ||
| ELC | |b 1 | ||
| LOK | |0 000 xxxxxcx a22 zn 4500 | ||
| LOK | |0 001 2187503062 | ||
| LOK | |0 003 DE-627 | ||
| LOK | |0 004 1098892194 | ||
| LOK | |0 005 20020606000000 | ||
| LOK | |0 008 920629||||||||||||||||ger||||||| | ||
| LOK | |0 040 |a DE-21 |c DE-627 |d DE-21 | ||
| LOK | |0 852 |a DE-21 | ||
| LOK | |0 852 1 |c KB 2 B 570-2 |9 00 | ||
| LOK | |0 935 |a krim | ||
| LOK | |0 936ln |a k10.2.3 | ||
| LOK | |0 939 |a 29-06-92 |b l01 | ||
| ORI | |a SA-MARC-krimdoka001.raw | ||
| SIG | |a UB: KB 2 B 570-2 | ||
